| 000 | 00780nam a22002057a 4500 | ||
|---|---|---|---|
| 999 |
_c10990 _d10990 |
||
| 003 | AR-CdUCM | ||
| 008 | 190402b ||||| |||| 00| 0 spa d | ||
| 020 | _a84 8389-769-5 | ||
| 040 |
_aMUNICIPALIDAD PROVINCIAL DEL CUSCO _cBIBLIOTECA MUNICIPAL DEL CUSCO |
||
| 082 |
_aES / 373.530 / _bCH94 |
||
| 100 |
_aChunga Yaya, José _928092 |
||
| 245 |
_aFísica : _b5to de secundaria / |
||
| 260 |
_aPerú : _bEditorial magisterio, _c1996. |
||
| 300 |
_a280 paginas _c29 cm. |
||
| 505 | _aContenido :El mundo de la física -- La física es la ciencia fundamental de la naturaleza -- La física es el estudio de la materia y el movimiento -- Estudiando la física ... | ||
| 650 |
_aFísica pura _920428 |
||
| 650 |
_aEducación secundaria _94648 |
||
| 942 |
_2ddc _cLIBROS |
||
| 945 | _arum | ||